000 01073nam a2200205Ia 4500
003 OSt
005 20241009162246.0
007 ca aa aaaaa
008 201103s9999 xx 000 0 und d
040 _cSSBUL
041 _abur
082 _223
_a၂၉၄.၃၄၃၅၀၉ ကျိုက်
_b၉၃၂၈ S-SAT
245 0 _aမျောလေးမျောသမိုင်းဝင် ကျိုက်ပေါလောမဲ့ရှင်တော်ဘုရားသမိုင်း /
_cတည်းဖြတ်သူ ပါဠိဆရာကြီးဦးစိုးမြင့် (ဓမ္မာစရိယ)။
250 _aဒုတိယအကြိမ်။
260 _aရန်ကုန် ၊
_bရွှေပုရပိုက်စာပေ၊
_c၁၉၉၅။
300 _aင၊ ၁၁၁ စာမျက်နှာ ၊
_bဓါတ်ပုံ၊
_c၁၈ စင်တီ။
500 _aS-SAT: Dr. Sai Aung Tun
650 _aမှဲ့ရှင်တော်ဘုရား
_vသမိုင်း
_954988
942 _2ddc
_cBK1
999 _c16830
_d16830